Wszystkie mecze reprezentacji Polski za kadencji Beenhakkera - Statystyki

Ogólne statystyki
  • Ten quiz został rozwiązany 141 razy
  • Średni wynik to 35 z 47
Statystyki odpowiedzi
Rozgrywki Wynik Reprezentacja % Poprawnych
Mistrzostwa Europy 0:2 Niemcy
98%
Eliminacje do ME 2:1 Portugalia
98%
Eliminacje do ME 2:2 Portugalia
98%
Mistrzostwa Europy 1:1 Austria
95%
Mistrzostwa Europy 0:1 Chorwacja
94%
Eliminacje do MŚ 2:0 San Marino
93%
Eliminacje do MŚ 10:0 San Marino
93%
Eliminacje do ME 1:0 Belgia
89%
Eliminacje do ME 2:0 Belgia
89%
Mecz towarzyski 2:2 Słowacja
89%
Eliminacje do MŚ 1:2 Słowacja
89%
Eliminacje do MŚ 1:1 Słowenia
88%
Eliminacje do MŚ 0:3 Słowenia
88%
Mecz towarzyski 3:2 Irlandia
87%
Eliminacje do ME 1:1 Serbia
86%
Eliminacje do ME 2:2 Serbia
86%
Mecz towarzyski 1:0 Serbia
86%
Mecz towarzyski 2:0 Czechy
85%
Eliminacje do MŚ 2:1 Czechy
85%
Eliminacje do ME 1:3 Finlandia
85%
Eliminacje do ME 0:0 Finlandia
85%
Mecz towarzyski 1:0 Finlandia
85%
Eliminacje do MŚ 2:3 Irlandia Północna
74%
Eliminacje do MŚ 1:1 Irlandia Północna
74%
Mecz towarzyski 0:2 Dania
73%
Mecz towarzyski 1:1 Dania
73%
Mecz towarzyski 2:2 Rosja
73%
Mecz towarzyski 2:0 Grecja
72%
Eliminacje do ME 5:0 Azerbejdżan
70%
Eliminacje do ME 3:1 Azerbejdżan
70%
Mecz towarzyski 1:1 Litwa
70%
Eliminacje do ME 1:0 Armenia
69%
Eliminacje do ME 0:1 Armenia
69%
Mecz towarzyski 0:1 Ukraina
69%
Mecz towarzyski 4:0 Estonia
66%
Mecz towarzyski 2:0 Estonia
66%
Mecz towarzyski 0:1 Węgry
64%
Eliminacje do ME 1:0 Kazachstan
62%
Eliminacje do ME 3:1 Kazachstan
62%
Mecz towarzyski 1:0 Walia
61%
Mecz towarzyski 0:3 Stany Zjednoczone
60%
Mecz towarzyski 1:0 Albania
50%
Mecz towarzyski 1:0 Bośnia i Hercegowina
46%
Mecz towarzyski 1:1 Macedonia Północna
46%
Mecz towarzyski 0:1 Republika Południowej Afryki
24%
Mecz towarzyski 5:2 Zjednoczone Emiraty Arabskie
19%
Mecz towarzyski 1:1 Irak
14%
Nie znaleziono quizów pasujących do podanych kryteriów
Rozkład punktacji
Procent ludzi z każdym wynikiem
Percentyl według liczby udzielonych odpowiedzi
Twoja historia wyników
Nie rozwiązałeś tego quizu